000 01781nam a2200181 4500
999 _c509857
_d509857
008 190621b ||||| |||| 00| 0 eng d
100 _aMunjal, Sonia
_96560
245 _aAssociative impact of personality orientation and levels of stress on procrastination in middle-level managers
260 _c2019
300 _ap.53-70.
520 _aTo procrastinate is to ‘voluntarily delay an intended course of action despite expecting to be worse off for the delay’ (Steel, 2007, Psychological Bulletin 133(1), 65). This behaviour, despite its cost, is common in workplaces and other life domains. By understanding why it occurs and how to prevent it, managers can help optimise the performance and productivity of employees. Hence, this research article is an effort to add a little to the sparse knowledge base in this field. It is also an effort to throw light on the relationship of Levenson’s multidimensions of the locus of control (LOC) and stress on the procrastination of employees, which have not been explored earlier. Two categories of variable are tested as the predictors of procrastination: various dimensions of LOC and occupational stress. Research results confirm that occupational stress along with LOC dimension affects the procrastinating behaviour of the employees. One of the major findings to emerge from the current research is that managers with powerful others as their LOC dimensions were least procrastinating. This contradicts the previous research results that external factors procrastinate more than internal ones. - Reproduced.
650 _aOccupational stress
_96462
650 _aMiddle manager
_96561
700 _aMishra, Richa
_96463
773 _aIndian Journal of Public Administration
906 _aOrganisation
942 _2ddc
_cAR